[Event "Tirol-ch"]
[Site "Jenbach"]
[Date "2013.06.08"]
[Round "6"]
[White "Natter, Siegfried"]
[Black "Steinbacher, Thomas"]
[Result "1/2-1/2"]
[WhiteElo "2112"]
[BlackElo "2116"]
[PlyCount "47"]
[EventDate "2013.05.30"]
[EventType "swiss"]
[EventRounds "7"]
[EventCountry "AUT"]
[SourceTitle "EXT 2015"]
[Source "ChessBase"]
[SourceDate "2014.11.20"]
[SourceVersion "1"]
[SourceVersionDate "2014.11.20"]
[SourceQuality "1"]

1. e4 e5 2. Nf3 Nc6 3. Bb5 a6 4. Bxc6 dxc6 5. d4 exd4 6. Qxd4 Qxd4 7. Nxd4 Bd7 8. Nc3 0-0-0 9. Be3 Bb4 10. Nde2 Nf6 11. f3 Rhe8 12. 0-0-0 Ng8 13. a3 Bd6 14. Bf4 Bc5 15. Nd4 Ne7 16. Nb3 Ba7 17. Rhe1 Ng6 18. Be3 Bxe3+ 19. Rxe3 Ne5 20. Nc5 Re7 21. b3 a5 22. Re2 b6 23. Nxd7 Rexd7 24. Red2 1/2-1/2

[Event "AUT-chT2W 1011"]
[Site "Austria"]
[Date "2010.10.16"]
[Round "2.5"]
[White "Natter, Siegfried"]
[Black "Meier, Alexander"]
[Result "1-0"]
[WhiteElo "2245"]
[BlackElo "2154"]
[PlyCount "103"]
[EventDate "2010.10.15"]
[EventType "team-tourn"]
[EventRounds "11"]
[EventCountry "AUT"]
[SourceTitle "EXT 2011"]
[Source "ChessBase"]
[SourceDate "2010.11.26"]
[SourceVersion "1"]
[SourceVersionDate "2010.11.26"]
[SourceQuality "1"]
[WhiteTeam "Absam"]
[BlackTeam "Jenbach II"]
[WhiteTeamCountry "AUT"]
[BlackTeamCountry "AUT"]

1. e4 g6 2. d4 Bg7 3. Nc3 d6 4. Be3 a6 5. Qd2 b5 6. f3 Nd7 7. a4 b4 8. Nd1 Rb8 9. a5 Ngf6 10. Bh6 Bxh6 11. Qxh6 c5 12. d5 Ne5 13. Ne3 Rg8 14. Nh3 Kd7 15. Ng5 Kc7 16. f4 Neg4 17. Nxg4 Bxg4 18. Bxa6 Qf8 19. Qxf8 Rgxf8 20. Bd3 h6 21. Nf3 Nh5 22. 0-0 Nxf4 23. Bc4 Ra8 24. c3 bxc3 25. bxc3 Rfb8 26. Rf2 g5 27. a6 Bxf3 28. Rxf3 f6 29. Rff1 Rb2 30. Rf2 Rb6 31. Rfa2 Ra7 32. Ra5 Ng6 33. Bb5 Ne5 34. h3 h5 35. g3 Rb8 36. Kf2 Rh8 37. h4 gxh4 38. gxh4 Rg8 39. Be2 Rb8 40. Rb5 Rxb5 41. Bxb5 Ra8 42. Be2 Nd7 43. Bxh5 Rh8 44. Bf3 Nb6 45. h5 Kb8 46. a7+ Ka8 47. Bg4 f5 48. exf5 Rg8 49. Bf3 Rg5 50. h6 Rxf5 51. h7 Rf8 52. Rg1 1-0

[Event "AUT-ch"]
[Site "Vienna"]
[Date "2010.07.29"]
[Round "6"]
[White "Juenger, Heinz"]
[Black "Natter, Siegfried"]
[Result "0-1"]
[WhiteElo "2116"]
[BlackElo "2245"]
[PlyCount "80"]
[EventDate "2010.07.24"]
[EventType "swiss"]
[EventRounds "9"]
[EventCountry "AUT"]
[SourceTitle "CBM 137 Extra"]
[Source "ChessBase"]
[SourceDate "2010.09.01"]
[SourceVersion "1"]
[SourceVersionDate "2010.09.01"]
[SourceQuality "1"]

1. d4 Nf6 2. c4 c5 3. d5 Ne4 4. Nc3 Nxc3 5. bxc3 g6 6. e4 Bg7 7. Bd2 0-0 8. Bd3 e5 9. Nf3 d6 10. Rb1 b6 11. h3 f5 12. Qc2 f4 13. Kd1 h6 14. Be2 Nd7 15. Be1 Nf6 16. Nd2 Bd7 17. Kc1 Qe7 18. Kb2 Rfb8 19. Ka1 a6 20. Rb2 Rb7 21. Qb1 Rab8 22. Rg1 g5 23. Rh1 b5 24. cxb5 axb5 25. c4 b4 26. Bd1 Ra7 27. Bb3 Rba8 28. Qc2 Ba4 29. f3 Qe8 30. Bxa4 Rxa4 31. Nb3 Ra3 32. Kb1 Nd7 33. Bd2 Nb6 34. Nc1 Qc8 35. Nd3 Qa6 36. Rc1 Na4 37. Rb3 Rxa2 38. Qd1 Nc3+ 39. Bxc3 bxc3 40. Rbxc3 Rxg2 0-1

[Event "AUT-ch"]
[Site "Vienna"]
[Date "2010.07.27"]
[Round "4"]
[White "Knoll, Hermann"]
[Black "Natter, Siegfried"]
[Result "1-0"]
[WhiteElo "2378"]
[BlackElo "2245"]
[PlyCount "55"]
[EventDate "2010.07.24"]
[EventType "swiss"]
[EventRounds "9"]
[EventCountry "AUT"]
[SourceTitle "CBM 137 Extra"]
[Source "ChessBase"]
[SourceDate "2010.09.01"]
[SourceVersion "1"]
[SourceVersionDate "2010.09.01"]
[SourceQuality "1"]

1. d4 d5 2. Nf3 Nf6 3. c4 e6 4. Nc3 Be7 5. Bf4 0-0 6. e3 Nbd7 7. a3 c5 8. dxc5 Nxc5 9. cxd5 Nxd5 10. Nxd5 exd5 11. Be5 Ne4 12. Be2 Bf6 13. Bxf6 Qxf6 14. Qd4 Qg6 15. 0-0 Bh3 16. Ne1 Rfd8 17. Rc1 h5 18. Kh1 Bf5 19. Nd3 h4 20. Nf4 Qh7 21. h3 Nf6 22. Rc7 b6 23. Rfc1 Ne8 24. Re7 Be4 25. Rc6 Nd6 26. Bg4 Nb5 27. Qe5 f5 28. Qe6+ 1-0

[Event "AUT-ch"]
[Site "Vienna"]
[Date "2010.07.26"]
[Round "3"]
[White "Natter, Siegfried"]
[Black "Schwabeneder, Florian"]
[Result "1-0"]
[WhiteElo "2245"]
[BlackElo "2137"]
[PlyCount "79"]
[EventDate "2010.07.24"]
[EventType "swiss"]
[EventRounds "9"]
[EventCountry "AUT"]
[SourceTitle "CBM 137 Extra"]
[Source "ChessBase"]
[SourceDate "2010.09.01"]
[SourceVersion "1"]
[SourceVersionDate "2010.09.01"]
[SourceQuality "1"]

1. e4 c5 2. Nc3 Nc6 3. f4 g6 4. Nf3 Bg7 5. Bb5 Nd4 6. 0-0 Nxb5 7. Nxb5 a6 8. Nc3 d6 9. d3 Nf6 10. Qe1 0-0 11. Qh4 d5 12. f5 d4 13. Ne2 Qb6 14. g4 c4 15. Ng3 cxd3 16. cxd3 Bd7 17. Bh6 Bxh6 18. Qxh6 Nxg4 19. Qh4 gxf5 20. exf5 Ne3 21. Ng5 h6 22. Rf2 Qf6 23. N3e4 Qg7 24. f6 hxg5 25. fxg7 gxh4 26. gxf8Q+ Rxf8 27. Rf4 Bb5 28. Rxh4 e5 29. Kf2 f5 30. Rg1+ Kf7 31. Rh7+ Ke8 32. Nd6+ Kd8 33. Nxb7+ Kc8 34. Nd6+ Kb8 35. Rb7+ Ka8 36. Rgg7 Bc6 37. Ra7+ Kb8 38. Rxa6 Bd5 39. Rb6+ Ka8 40. Nb5 1-0

[Event "AUT-ch"]
[Site "Vienna"]
[Date "2010.07.25"]
[Round "2"]
[White "Freitag, Manfred"]
[Black "Natter, Siegfried"]
[Result "1-0"]
[WhiteElo "2387"]
[BlackElo "2245"]
[PlyCount "121"]
[EventDate "2010.07.24"]
[EventType "swiss"]
[EventRounds "9"]
[EventCountry "AUT"]
[SourceTitle "CBM 137 Extra"]
[Source "ChessBase"]
[SourceDate "2010.09.01"]
[SourceVersion "1"]
[SourceVersionDate "2010.09.01"]
[SourceQuality "1"]

1. d4 Nf6 2. c4 e6 3. Nf3 d5 4. g3 Be7 5. Bg2 0-0 6. 0-0 dxc4 7. Qc2 a6 8. a4 Bd7 9. Qxc4 Bc6 10. Bf4 Bd6 11. Bg5 Nbd7 12. Nc3 Qe8 13. Bxf6 Nxf6 14. Ne5 Bxg2 15. Kxg2 c5 16. Nf3 Rc8 17. Rfd1 cxd4 18. Qxd4 Bc5 19. Qf4 b5 20. Ne5 Qe7 21. Qf3 Qc7 22. Nd3 Bd4 23. Ne4 Rfd8 24. axb5 axb5 25. Rac1 Qe7 26. e3 Nxe4 27. Rxc8 Rxc8 28. Qxe4 Bf6 29. Ra1 g6 30. Ra5 Qd7 31. b4 Bc3 32. Ne5 Qd5 33. Qxd5 exd5 34. Nd3 Rb8 35. Ra7 d4 36. e4 Rd8 37. Ra5 Rb8 38. e5 Rb6 39. Kf3 f5 40. exf6 Rxf6+ 41. Ke4 Rf5 42. g4 Rf8 43. Rxb5 Ra8 44. Rb7 Re8+ 45. Kd5 Rd8+ 46. Kc4 Rc8+ 47. Nc5 Be1 48. Kxd4 Bxf2+ 49. Kd5 Rd8+ 50. Rd7 Rb8 51. Nb7 h5 52. h3 hxg4 53. hxg4 Bh4 54. b5 Rf8 55. b6 Rf4 56. Nc5 Rb4 57. b7 Rb6 58. Ne4 Rb5+ 59. Kc6 Rb1 60. g5 Rc1+ 61. Kd5 1-0

[Event "AUT-chT2W 0910"]
[Site "Austria"]
[Date "2010.03.14"]
[Round "11.6"]
[White "Natter, Siegfried"]
[Black "Kranz, Armin"]
[Result "1/2-1/2"]
[WhiteElo "2262"]
[BlackElo "2111"]
[PlyCount "85"]
[EventDate "2009.10.23"]
[EventType "team-tourn"]
[EventRounds "11"]
[EventCountry "AUT"]
[SourceTitle "EXT 2011"]
[Source "ChessBase"]
[SourceDate "2010.11.26"]
[SourceVersion "1"]
[SourceVersionDate "2010.11.26"]
[SourceQuality "1"]
[WhiteTeam "Absam"]
[BlackTeam "Goetzis"]
[WhiteTeamCountry "AUT"]
[BlackTeamCountry "AUT"]

1. e4 e5 2. Nf3 Nf6 3. Nxe5 d6 4. Nf3 Nxe4 5. Bd3 Nc5 6. Be2 Be7 7. 0-0 d5 8. d4 Ne4 9. c4 c6 10. Qb3 0-0 11. Nc3 dxc4 12. Bxc4 Nd6 13. Bd3 Nd7 14. Qc2 Nf6 15. h3 Be6 16. Ng5 h6 17. Nxe6 fxe6 18. Qe2 Qd7 19. Re1 Kf7 20. g4 Rae8 21. Bf4 Bd8 22. Be5 Kg8 23. f4 Nf7 24. Rad1 Nxe5 25. dxe5 Nd5 26. Bg6 Bb6+ 27. Kh1 Rd8 28. Nxd5 cxd5 29. f5 Qe7 30. Qd3 Kh8 31. Rf1 exf5 32. Rxf5 Rxf5 33. Qxf5 Qh4 34. Kg2 Bc5 35. Rf1 Qe7 36. e6 d4 37. Qe5 Rf8 38. Bf7 b6 39. b4 Bxb4 40. Qxd4 Bd6 41. Rf5 Rd8 42. Rd5 Qb7 43. Qe4 1/2-1/2

[Event "AUT-chT2W 0910"]
[Site "Austria"]
[Date "2010.01.31"]
[Round "8.6"]
[White "Natter, Siegfried"]
[Black "Lickleder, Andreas"]
[Result "1/2-1/2"]
[WhiteElo "2262"]
[BlackElo "2242"]
[PlyCount "34"]
[EventDate "2009.10.23"]
[EventType "team-tourn"]
[EventRounds "11"]
[EventCountry "AUT"]
[SourceTitle "EXT 2011"]
[Source "ChessBase"]
[SourceDate "2010.11.26"]
[SourceVersion "1"]
[SourceVersionDate "2010.11.26"]
[SourceQuality "1"]
[WhiteTeam "Absam"]
[BlackTeam "Salzburg Sued"]
[WhiteTeamCountry "AUT"]
[BlackTeamCountry "AUT"]

1. e4 c5 2. Nc3 e6 3. f4 Nc6 4. Nf3 Nge7 5. d3 d5 6. Be2 g6 7. 0-0 Bg7 8. Qe1 Nd4 9. Bd1 0-0 10. Kh1 Nec6 11. Ne2 Nxf3 12. Rxf3 b5 13. Qg1 Qd6 14. e5 Qe7 15. c3 Rd8 16. d4 cxd4 17. Nxd4 Nxd4 1/2-1/2

[Event "AUT-chT2W 0910"]
[Site "Austria"]
[Date "2009.11.27"]
[Round "4.6"]
[White "Klinger, Josef Sr"]
[Black "Natter, Siegfried"]
[Result "0-1"]
[WhiteElo "1984"]
[BlackElo "2262"]
[PlyCount "48"]
[EventDate "2009.10.23"]
[EventType "team-tourn"]
[EventRounds "11"]
[EventCountry "AUT"]
[SourceTitle "CBM 133 Extra"]
[Source "ChessBase"]
[SourceDate "2010.01.05"]
[SourceVersion "1"]
[SourceVersionDate "2010.01.05"]
[SourceQuality "1"]
[WhiteTeam "Schwarzach"]
[BlackTeam "Absam"]
[WhiteTeamCountry "AUT"]
[BlackTeamCountry "AUT"]

1. e4 c5 2. Nc3 a6 3. a4 Nc6 4. g3 g6 5. Bg2 Bg7 6. Nce2 Nf6 7. c3 d5 8. d3 0-0 9. f4 dxe4 10. dxe4 Qxd1+ 11. Kxd1 Be6 12. h3 Na5 13. e5 Nd5 14. Be4 Rad8 15. Kc2 f5 16. Bf3 Nc4 17. h4 Nde3+ 18. Kb1 Rd1 19. b4 cxb4 20. cxb4 Nd2+ 21. Kb2 Rc8 22. Nc3 Nxf3 23. Nxd1 Nxd1+ 24. Kb1 Nf2 0-1

[Event "AUT-ch"]
[Site "Jenbach"]
[Date "2009.08.01"]
[Round "8"]
[White "Denk, Adolf"]
[Black "Natter, Siegfried"]
[Result "0-1"]
[WhiteElo "2254"]
[BlackElo "2262"]
[PlyCount "112"]
[EventDate "2009.07.25"]
[EventType "swiss"]
[EventRounds "9"]
[EventCountry "AUT"]
[SourceTitle "CBM 131 Extra"]
[Source "ChessBase"]
[SourceDate "2009.09.03"]
[SourceVersion "2"]
[SourceVersionDate "2009.09.16"]
[SourceQuality "1"]

1. c4 e5 2. Nc3 d6 3. Nf3 Nc6 4. g3 g6 5. Bg2 Bg7 6. 0-0 Nge7 7. Rb1 Be6 8. d3 a5 9. a3 Qc8 10. b4 axb4 11. axb4 0-0 12. b5 Nd8 13. Qb3 Bg4 14. Ba3 Ne6 15. Nd5 Nxd5 16. cxd5 Bxf3 17. dxe6 Bxg2 18. exf7+ Rxf7 19. Kxg2 Qg4 20. f3 Qa4 21. Qxa4 Rxa4 22. Rb3 Kf8 23. Rc1 Bh6 24. Rc4 Ra5 25. Kf2 Ke8 26. Rh4 Bf8 27. Bb2 Kd7 28. Rc4 d5 29. Rc2 Bd6 30. Bc3 Ra4 31. Kg2 Rf8 32. e4 Ke6 33. Bd2 Rfa8 34. Kf2 Ra3 35. Rcb2 Bc5+ 36. Ke2 Bd4 37. Rxa3 Rxa3 38. Rb1 Ra2 39. Kd1 Bc5 40. Rc1 b6 41. Rc2 Ra1+ 42. Rc1 Ra3 43. Rc3 Ra4 44. Rc2 Kd6 45. Rc1 Ra3 46. Rc3 Ra4 47. Rc2 c6 48. bxc6 Kxc6 49. Be3 Ra1+ 50. Ke2 d4 51. Bc1 b5 52. f4 b4 53. Bb2 Ra2 54. Kd1 b3 55. Rf2 Ba3 56. Kc1 Ra1+ 0-1

[Event "AUT-ch"]
[Site "Jenbach"]
[Date "2009.07.30"]
[Round "6"]
[White "Ragger, Markus"]
[Black "Natter, Siegfried"]
[Result "1-0"]
[WhiteElo "2563"]
[BlackElo "2262"]
[PlyCount "79"]
[EventDate "2009.07.25"]
[EventType "swiss"]
[EventRounds "9"]
[EventCountry "AUT"]
[SourceTitle "CBM 131 Extra"]
[Source "ChessBase"]
[SourceDate "2009.09.03"]
[SourceVersion "2"]
[SourceVersionDate "2009.09.16"]
[SourceQuality "1"]

1. e4 d5 2. exd5 Qxd5 3. Nc3 Qd6 4. d4 Nf6 5. Nf3 c6 6. Ne5 Nbd7 7. Nc4 Qc7 8. Qf3 Nb6 9. Ne5 Be6 10. Be2 g6 11. 0-0 Bg7 12. a4 a5 13. Qg3 Qd8 14. Nd3 Nbd5 15. Nc5 Nxc3 16. bxc3 Bc8 17. Bf3 0-0 18. Re1 Nd5 19. Bd2 b6 20. Nd3 Bb7 21. Rab1 Re8 22. Ne5 Rc8 23. c4 Nb4 24. c3 Nc2 25. Red1 Na3 26. Ra1 Bxe5 27. dxe5 Nxc4 28. Bf4 Qc7 29. e6 Nd6 30. exf7+ Kxf7 31. Bg4 Rcd8 32. Qh3 h5 33. Be6+ Kg7 34. Be5+ Kh7 35. Bf5 Kh6 36. Qe3+ g5 37. Bg7+ Kxg7 38. Qxg5+ Kf7 39. Qg6+ Kf8 40. Qh6+ 1-0

[Event "AUT-ch"]
[Site "Jenbach"]
[Date "2009.07.26"]
[Round "2"]
[White "Natter, Siegfried"]
[Black "Kranewitter, Norbert"]
[Result "1/2-1/2"]
[WhiteElo "2262"]
[BlackElo "2076"]
[PlyCount "67"]
[EventDate "2009.07.25"]
[EventType "swiss"]
[EventRounds "9"]
[EventCountry "AUT"]
[SourceTitle "CBM 131 Extra"]
[Source "ChessBase"]
[SourceDate "2009.09.03"]
[SourceVersion "2"]
[SourceVersionDate "2009.09.16"]
[SourceQuality "1"]

1. e4 c6 2. d4 d5 3. exd5 cxd5 4. Bd3 Nf6 5. c3 Qc7 6. Na3 a6 7. h3 Nc6 8. Nc2 e5 9. dxe5 Nxe5 10. Nf3 Nxd3+ 11. Qxd3 Bc5 12. 0-0 Bxh3 13. Qe2+ Be6 14. Ncd4 Ne4 15. Nxe6 fxe6 16. Ng5 Nxg5 17. Bxg5 Qf7 18. Rae1 0-0 19. Qxe6 Qxe6 20. Rxe6 Rae8 21. Rxe8 Rxe8 22. b4 Bb6 23. Rd1 Re2 24. Bh4 Rxa2 25. Rxd5 Rc2 26. Rd7 Rxc3 27. Rxb7 Bd4 28. Kh2 Rb3 29. Bg3 h6 30. f3 Kh7 31. Rb8 Bc3 32. Bd6 a5 33. bxa5 Bxa5 34. Kg1 1/2-1/2

[Event "Tirol-ch 20th"]
[Site "Hall im Tirol "]
[Date "2009.06.28"]
[Round "2"]
[White "Dalnodar, Bernhard"]
[Black "Natter, Siegfried"]
[Result "0-1"]
[WhiteElo "1975"]
[BlackElo "2249"]
[PlyCount "54"]
[EventDate "2009.06.27"]
[EventType "swiss"]
[EventRounds "7"]
[EventCountry "AUT"]
[SourceTitle "EXT 2011"]
[Source "ChessBase"]
[SourceDate "2010.11.26"]
[SourceVersion "1"]
[SourceVersionDate "2010.11.26"]
[SourceQuality "1"]

1. d4 Nf6 2. c4 e6 3. g3 d5 4. Bg2 Bb4+ 5. Bd2 Be7 6. Nf3 0-0 7. 0-0 Ne4 8. Nc3 f5 9. h4 c6 10. Bf4 Nd7 11. Nxe4 fxe4 12. Ng5 Nf6 13. Bh3 Nh5 14. Bxe6+ Kh8 15. Bd2 Qd6 16. c5 Qc7 17. Bxc8 Qxc8 18. Kg2 h6 19. Nh3 Qg4 20. e3 Rf3 21. Be1 Raf8 22. Ng1 Bxh4 23. Nxf3 exf3+ 24. Kh2 Rf5 25. Qd3 Nxg3 26. Qxf5 Nxf5 27. Rg1 Qh5 0-1

[Event "Seefeld op 18th"]
[Site "Seefeld"]
[Date "2007.09.05"]
[Round "5"]
[White "Gheri, Harald"]
[Black "Natter, Siegfried"]
[Result "0-1"]
[WhiteElo "1955"]
[BlackElo "2233"]
[PlyCount "110"]
[EventDate "2007.09.01"]
[EventType "swiss"]
[EventRounds "9"]
[EventCountry "AUT"]
[SourceTitle "EXT 2009"]
[Source "ChessBase"]
[SourceDate "2008.11.26"]
[SourceVersion "1"]
[SourceVersionDate "2008.11.26"]
[SourceQuality "1"]

1. d4 Nf6 2. Bf4 d5 3. Nf3 Ne4 4. c3 e6 5. Nbd2 Bd6 6. Bg3 0-0 7. e3 b6 8. Bd3 Bb7 9. Qc2 f5 10. Be5 c5 11. Bxd6 Qxd6 12. Ne5 Ba6 13. Bxa6 Nxa6 14. 0-0 b5 15. f4 Rac8 16. Nxe4 dxe4 17. Rad1 c4 18. Qe2 Nc7 19. g4 fxg4 20. Qxg4 Nd5 21. Qe2 Rf5 22. Kh1 Qe7 23. a3 Qh4 24. Rg1 Qh5 25. Rg2 Ne7 26. Qg4 Qxg4 27. Nxg4 Rff8 28. Nf2 Nf5 29. Re1 Nh4 30. Nxe4 Nxg2 31. Kxg2 Rcd8 32. Kg3 h6 33. h4 Rf5 34. Re2 Rf7 35. Nc5 Rd6 36. Ne4 Rb6 37. Kf3 a5 38. Nd2 Rc7 39. Rg2 b4 40. axb4 axb4 41. Ne4 b3 42. Nf6+ Kf8 43. Ne4 Kf7 44. Nc5 Rb5 45. Rxg7+ Kxg7 46. Nxe6+ Kf7 47. Nxc7 Ra5 48. Ke4 Ra2 49. Nd5 Rxb2 50. Nb6 Rc2 51. Nxc4 Rxc3 52. Nb2 Rc2 53. Na4 Ra2 54. Nc3 b2 55. Ke5 Ra3 0-1

[Event "Seefeld op 18th"]
[Site "Seefeld"]
[Date "2007.09.04"]
[Round "4"]
[White "Natter, Siegfried"]
[Black "Becking, Franz Josef"]
[Result "1-0"]
[WhiteElo "2233"]
[BlackElo "2049"]
[PlyCount "51"]
[EventDate "2007.09.01"]
[EventType "swiss"]
[EventRounds "9"]
[EventCountry "AUT"]
[SourceTitle "EXT 2009"]
[Source "ChessBase"]
[SourceDate "2008.11.26"]
[SourceVersion "1"]
[SourceVersionDate "2008.11.26"]
[SourceQuality "1"]

1. e4 d5 2. exd5 Qxd5 3. Nf3 Nf6 4. Be2 Bg4 5. d4 e6 6. h3 Bh5 7. c4 Qd8 8. Qb3 b6 9. Nc3 c6 10. Be3 Be7 11. g4 Bg6 12. Ne5 Nfd7 13. Nxg6 hxg6 14. 0-0-0 Qc7 15. Kb1 Bf6 16. g5 Be7 17. d5 exd5 18. cxd5 Nc5 19. Qc2 0-0 20. Bf3 a6 21. dxc6 Ra7 22. Nd5 Qe5 23. Bf4 Qf5 24. Qxf5 gxf5 25. Bxb8 Rxb8 26. c7 1-0

[Event "Seefeld op 18th"]
[Site "Seefeld"]
[Date "2007.09.01"]
[Round "1"]
[White "Gerhards, Walter"]
[Black "Natter, Siegfried"]
[Result "1-0"]
[WhiteElo "1947"]
[BlackElo "2233"]
[PlyCount "79"]
[EventDate "2007.09.01"]
[EventType "swiss"]
[EventRounds "9"]
[EventCountry "AUT"]
[SourceTitle "EXT 2009"]
[Source "ChessBase"]
[SourceDate "2008.11.26"]
[SourceVersion "1"]
[SourceVersionDate "2008.11.26"]
[SourceQuality "1"]

1. e4 c5 2. Nf3 Nc6 3. Nc3 e6 4. Bc4 a6 5. a4 Nf6 6. d3 d5 7. exd5 exd5 8. Bb3 Be7 9. h3 0-0 10. 0-0 h6 11. Bf4 Be6 12. Ne2 Na5 13. Ba2 b5 14. c3 Qb6 15. Qd2 bxa4 16. Bxh6 gxh6 17. Qxh6 Bf5 18. Nf4 Nd7 19. Qh5 Bg6 20. Qxd5 Ra7 21. Rae1 Nf6 22. Qg5 Kh7 23. Nh4 Ng8 24. Qg3 Bxh4 25. Qxh4+ Nh6 26. Bd5 Qd8 27. Qg3 Nf5 28. Qf3 Nb3 29. Re2 Re7 30. Be4 Ng7 31. Nxg6 fxg6 32. Qg4 Re6 33. Rfe1 Rd6 34. h4 Nf5 35. h5 Qf6 36. hxg6+ Qxg6 37. Qh3+ Kg8 38. Re3 Rf7 39. Rg3 Qxg3 40. fxg3 1-0

[Event "AUT-ch"]
[Site "Tweng"]
[Date "2007.08.??"]
[Round "1"]
[White "Alvir, Aco"]
[Black "Natter, Siegfried"]
[Result "1-0"]
[WhiteElo "2375"]
[BlackElo "2236"]
[PlyCount "96"]
[EventDate "2007.08.??"]
[EventType "swiss"]
[EventRounds "9"]
[EventCountry "AUT"]
[SourceTitle "CBM 119 Extra"]
[Source "ChessBase"]
[SourceDate "2007.09.04"]
[SourceVersion "1"]
[SourceVersionDate "2007.09.04"]
[SourceQuality "1"]

1. e4 c5 2. Nf3 e6 3. d4 cxd4 4. Nxd4 a6 5. Bd3 Ne7 6. c4 Nec6 7. Nxc6 Nxc6 8. 0-0 Bc5 9. Nc3 Qh4 10. Na4 Bd4 11. g3 Qe7 12. Qe2 d6 13. Be3 e5 14. Nb6 Rb8 15. Rac1 0-0 16. Nd5 Qe8 17. Bc2 Bh3 18. Rfd1 Qe6 19. Ba4 Bxe3 20. Qxe3 f5 21. exf5 Bxf5 22. c5 Nd4 23. Bb3 Nxb3 24. Qxb3 dxc5 25. Ne7+ Kh8 26. Qxe6 Bxe6 27. Rxc5 Rf7 28. Nd5 Rd7 29. Ne3 Rxd1+ 30. Nxd1 Bxa2 31. Rxe5 Rc8 32. Ne3 h6 33. Re7 b5 34. b4 Rc6 35. h4 Bb1 36. g4 Kh7 37. f4 Kg8 38. f5 Ba2 39. Kf2 Kf8 40. Ra7 Rd6 41. g5 hxg5 42. hxg5 Bb3 43. Kg3 Rd4 44. Ra8+ Kf7 45. Ng4 Re4 46. g6+ Ke7 47. Ra7+ Kf8 48. f6 Ke8 1-0

[Event "AUT-ch"]
[Site "Tweng"]
[Date "2007.08.??"]
[Round "6"]
[White "Natter, Siegfried"]
[Black "Fahrner, Kurt"]
[Result "1-0"]
[WhiteElo "2236"]
[BlackElo "2322"]
[PlyCount "79"]
[EventDate "2007.08.??"]
[EventType "swiss"]
[EventRounds "9"]
[EventCountry "AUT"]
[SourceTitle "CBM 119 Extra"]
[Source "ChessBase"]
[SourceDate "2007.09.04"]
[SourceVersion "1"]
[SourceVersionDate "2007.09.04"]
[SourceQuality "1"]

1. e4 e5 2. Nf3 Nc6 3. Bb5 Bc5 4. c3 Bb6 5. d4 exd4 6. cxd4 Nce7 7. d5 Nf6 8. Nc3 0-0 9. d6 Ng6 10. 0-0 Re8 11. Bg5 c6 12. Bc4 h6 13. Qb3 hxg5 14. Bxf7+ Kh7 15. Nxg5+ Kh6 16. Bxe8 Qxe8 17. Nf7+ Kh7 18. Rad1 Nf4 19. e5 N6d5 20. Ne4 Kg8 21. Neg5 Bd8 22. Nxd8 Qxd8 23. h4 Ne6 24. Qg3 b5 25. Rd4 a5 26. Rg4 Ra7 27. h5 Qf8 28. h6 Ndf4 29. Qe3 Qf5 30. Nxe6 Nxe6 31. Rg3 Ra8 32. hxg7 Ba6 33. Qh6 Qh7 34. Qf6 Nxg7 35. e6 Rf8 36. Qe7 b4 37. exd7 Bxf1 38. d8Q Rxd8 39. Qxd8+ Kf7 40. Qe7+ 1-0

[Event "AUT-ch"]
[Site "Tweng"]
[Date "2007.08.??"]
[Round "4"]
[White "Schachinger, Mario"]
[Black "Natter, Siegfried"]
[Result "1-0"]
[WhiteElo "2284"]
[BlackElo "2236"]
[PlyCount "65"]
[EventDate "2007.08.??"]
[EventType "swiss"]
[EventRounds "9"]
[EventCountry "AUT"]
[SourceTitle "CBM 119 Extra"]
[Source "ChessBase"]
[SourceDate "2007.09.04"]
[SourceVersion "1"]
[SourceVersionDate "2007.09.04"]
[SourceQuality "1"]

1. e4 c5 2. Nf3 e6 3. d4 cxd4 4. Nxd4 a6 5. Bd3 Ne7 6. 0-0 Nec6 7. Nxc6 Nxc6 8. f4 b5 9. Be3 Bb7 10. Nd2 Nb4 11. Nf3 Rc8 12. c3 Nxd3 13. Qxd3 Rc4 14. Nd2 Rc7 15. Bb6 Bc5+ 16. Bxc5 Rxc5 17. Qd4 Rh5 18. Qxg7 Rf8 19. Rae1 f6 20. Rf2 Qb6 21. Qg3 Rh6 22. Qe3 Qxe3 23. Rxe3 Rg8 24. Nb3 d6 25. Nd4 Kd7 26. Rd2 Rh4 27. e5 Rxf4 28. exd6 Bd5 29. b3 Rgg4 30. Nxe6 Rf5 31. Nc5+ Kxd6 32. Nxa6 Rgf4 33. Re1 1-0

[Event "Wattens op 11th"]
[Site "Wattens"]
[Date "1996.??.??"]
[Round "1"]
[White "Natter, Siegfried"]
[Black "Schett, Franz"]
[Result "1-0"]
[WhiteElo "2020"]
[BlackElo "1615"]
[PlyCount "53"]
[EventDate "1996.??.??"]
[EventType "swiss"]
[EventRounds "9"]
[EventCountry "AUT"]
[SourceTitle "EXT 2000"]
[Source "ChessBase"]
[SourceDate "1999.11.16"]
[SourceVersion "1"]
[SourceVersionDate "1999.11.16"]
[SourceQuality "1"]

1. e4 c5 2. Nc3 Nc6 3. f4 d6 4. Bc4 e6 5. Nf3 a6 6. a4 Nge7 7. d4 d5 8. exd5 exd5 9. Be2 cxd4 10. Nxd4 Qb6 11. Nb3 Be6 12. a5 Qa7 13. Na4 Nf5 14. Nb6 Rd8 15. g4 Nfe7 16. f5 Bc8 17. Bf4 d4 18. Bc4 Nxa5 19. Nxc8 Rxc8 20. Nxa5 b5 21. Bb3 Qa8 22. 0-0 h5 23. Qxd4 hxg4 24. f6 Rd8 25. fxg7 Rxd4 26. gxh8Q Qd8 27. Bxf7+ 1-0

[Event "Wattens op 11th"]
[Site "Wattens"]
[Date "1996.??.??"]
[Round "7"]
[White "Natter, Siegfried"]
[Black "Vesselovsky, Serguei"]
[Result "1/2-1/2"]
[WhiteElo "2020"]
[BlackElo "2440"]
[PlyCount "27"]
[EventDate "1996.??.??"]
[EventType "swiss"]
[EventRounds "9"]
[EventCountry "AUT"]
[SourceTitle "EXT 2000"]
[Source "ChessBase"]
[SourceDate "1999.11.16"]
[SourceVersion "1"]
[SourceVersionDate "1999.11.16"]
[SourceQuality "1"]

1. e4 c5 2. Nc3 Nc6 3. Bb5 Nd4 4. Bc4 e6 5. Nf3 Nf6 6. 0-0 d5 7. exd5 exd5 8. Nxd4 dxc4 9. Re1+ Be7 10. Nf3 Nd5 11. d4 cxd3 12. Qxd3 Nxc3 13. Qxc3 0-0 14. Bf4 1/2-1/2

[Event "Wattens op 11th"]
[Site "Wattens"]
[Date "1996.??.??"]
[Round "5"]
[White "Natter, Siegfried"]
[Black "Wachinger, Guenther"]
[Result "1-0"]
[WhiteElo "2020"]
[BlackElo "2285"]
[PlyCount "107"]
[EventDate "1996.??.??"]
[EventType "swiss"]
[EventRounds "9"]
[EventCountry "AUT"]
[SourceTitle "EXT 2000"]
[Source "ChessBase"]
[SourceDate "1999.11.16"]
[SourceVersion "1"]
[SourceVersionDate "1999.11.16"]
[SourceQuality "1"]

1. e4 c5 2. Nc3 Nc6 3. Bb5 g6 4. Bxc6 dxc6 5. d3 Bg7 6. Nf3 e5 7. Be3 b6 8. 0-0 f6 9. Nd2 Nh6 10. h3 0-0 11. Qe2 Qe7 12. a4 f5 13. Bxh6 Bxh6 14. exf5 Rxf5 15. Nf3 Bg7 16. Rae1 Qf8 17. Nh2 Bd7 18. Ne4 a5 19. Ng4 Rf4 20. g3 Rf7 21. Kg2 Qe7 22. Qe3 Kh8 23. Qg5 Qe6 24. Qh4 h5 25. Ng5 Qd5+ 26. f3 Rff8 27. Ne3 Qd6 28. Nc4 Qc7 29. Ne4 Rae8 30. Qg5 Kh7 31. Qe3 Kg8 32. h4 Be6 33. b3 Re7 34. Rf2 Bd5 35. Ncd2 Qc8 36. Ref1 Qf5 37. Ng5 Bh6 38. Nde4 Kg7 39. Qe2 Ree8 40. Nd6 Qd7 41. Nxe8+ Rxe8 42. Re1 Bxg5 43. hxg5 Qf5 44. Qe3 Kg8 45. Rh1 Rf8 46. c4 Bf7 47. Qe4 Qxg5 48. Qxc6 Rd8 49. Qxb6 Rxd3 50. Qxc5 Rxb3 51. Re1 h4 52. Qxe5 Qxg3+ 53. Qxg3 hxg3 54. Rc2 1-0